Statistics for Every Frankie Avalon song that hit the Billboard hot 100

Click here to take the quiz!

General Stats

  • This quiz has been taken 3 times
  • The average score is 5 of 22

Answer Stats

Peak Chart PositionYearSong% Correct
11959Venus
100%
11959Why
100%
91958Ginger Bread
67%
561961The Puppet Song
33%
71959Just Ask Your Heart
33%
81959Bobby Sox To Stockings
33%
151958I'll Wait For You
33%
261960Togetherness
33%
321960Where Are You
33%
851960Don't Let Love Pass Me By
0%
821960Tuxedo Junction
0%
821961Who Else But You
0%
791958What Little Girl
0%
711962A Miracle
0%
391960Swingin' On A Rainbow
0%
701961All Of Everything
0%
541959Two Fools
0%
471961A Perfect Love
0%
261962You Are Mine
0%
221960Don't Throw Away All Those Teardrops
0%
101959A Boy Without A Girl
0%
901961True, True Love
0%

Score Distribution

Percentile by Number Answered

Percent of People with Each Score

Your Score History

You have not taken this quiz